Statistics for Kokomo Lyrics Quiz

Click here to take the quiz!

General Stats

  • This quiz has been taken 7 times
  • The average score is 26 of 39

Answer Stats

Lyric% Correct
Aruba, {Jamaica}
100%
Bermuda, {Bahama}
100%
Come on {pretty} mama
100%
Down in {Kokomo}
100%
Key Largo, {Montego}
100%
Ooh I want {to} {take} {you}
100%
That‘s where you {want} {to} {go}
100%
There‘s a place called {Kokomo}
100%
{Bermuda}, {Bahama}
83%
Come on {pretty} {mama}
83%
Ooh, I want to {take} {you} to
83%
To get away from {it} {all}
83%
Way down {in} {Kokomo}
83%
We‘ll be falling in {love}
83%
And then we‘ll {take} {it} {slow}
67%
{Aruba}, {Jamaica}
67%
Baby, why don‘t {we} {go}?
67%
Bodies in the {Sand}
67%
Go {down} to {Kokomo}
67%
{Key Largo}, {Montego}
67%
Off the {Florida} {Keys}
67%
That‘s where you {wanna} {go}
67%
To the rhythm of a {steel} {drum} {band}
67%
Way {down} in {Kokomo}
67%
We‘ll get there {fast}
67%
We‘ll put out to {sea}
67%
Afternoon {delight}
50%
{Martinique}, that Montserrat {mystique}
50%
{Port au Prince}, I wanna catch a {glimpse}
50%
Tropical drink {melting} in your {hand}
50%
A little bit of {gravity}
33%
And we‘ll {perfect} our {chemistry}
33%
{Baby}, why don‘t we go {Jamaica}
33%
By and by we‘ll {defy}
33%
{Cocktails} and {moonlit} nights
33%
{Everybody} knows a little place like {Kokomo}
33%
Give me a {tropical} {contact} {high}
33%
That {dreamy} look in your {eye}
33%
Now if you wanna go to {get} {away} {from} {it} {all}
17%

Score Distribution

Percentile by Number Answered

Percent of People with Each Score

Your Score History

You have not taken this quiz